<The> IAASB - the International Auditing and Assurance Standards Board - The Influence of Institutional Aspects on International Harmonization Concept of Auditing Services
Enregistré dans:
| Auteur principal: | |
|---|---|
| Autres auteurs: | |
| Format: | Chapitre de livre |
| Langue: | anglais |
| Tags: |
Pas de tags, Soyez le premier à ajouter un tag!
|
MARC
| LEADER | 00000nla$a2200000$$$4500 | ||
|---|---|---|---|
| 001 | 0113293 | ||
| 005 | 20240502083300.5 | ||
| 041 | 0 | |a eng | |
| 044 | |a RS | ||
| 245 | 1 | 0 | |a <The> IAASB - the International Auditing and Assurance Standards Board - The Influence of Institutional Aspects on International Harmonization Concept of Auditing Services |c Ladislav Kareš, Petra Krišková |
| 100 | 1 | |a Kareš, Ladislav | |
| 700 | 1 | |a Krišková, Petra, 1981- | |